000 00711nam a2200217Ia 4500
005 20241129104338.0
008 241129s9999||||xx |||||||||||||| ||und||
020 _a190129107
037 _aTextual
040 _aRTL
_beng
_cRTL
041 _aeng
_2eng
084 _aY9(K9945).49W R1
_qRTL
100 _aAiyadurai Ambika
_9725905
245 0 _aTigers are our brothers: Anthropology of wildlife conservation in Northeast India
_cAiyadurai Ambika
260 _aNew Delhi
_bOxford University Press
_c2021
300 _axv,215p.
365 _aINR
_b1495
650 _aCultural Perspectives on Wildlife Conservation
_9725906
942 _cTB
_hY9(K9945).49W R1
999 _c1225493
_d1225493